000 01112nam a2200337 a 4500
001 ELB72487
003 FlNmELB
006 m o d |
007 cr cn|||||||||
008 201003r1992 mx |||||s|||||||||||spa d
020 _z9789684999626
035 _a(MiAaPQ)EBC3187560
035 _a(Au-PeEL)EBL3187560
035 _a(CaPaEBR)ebr10365938
035 _a(OCoLC)1105857428
040 _aFlNmELB
_bspa
_cFlNmELB
050 4 _aQB45
_bP944 1992
080 _a52
082 0 4 _a520
_222
100 1 _aPérez Ibares, Esteban.
245 1 0 _aEfemérides astronómicas
_h[recurso electronico] :
_b1993 /
_cEsteban Pérez Ibares.
260 _aMéxico :
_bInstituto Politécnico Nacional,
_c1992.
300 _aix, 97 p.
533 _aRecurso electrónico. Santa Fe, Arg.: e-libro, 2015. Disponible vía World Wide Web. El acceso puede estar limitado para las bibliotecas afiliadas a e-libro.
650 4 _aAstronomía.
650 4 _aAstronomy.
653 _aAstronomia
655 4 _aLibros electrónicos.
710 2 _ae-libro, Corp.
856 4 0 _uhttps://elibro.net/ereader/usam/72487
999 _c142597
_d142597